000 01855cam a2200445 4500
001 1809086450
003 DE-627
005 20230516105639.0
007 tu
008 220704s2022 gw ||||| 6 00| ||ger c
020 _a9783938008775
035 _a(DE-627)1809086450
035 _a(DE-599)KXP1809086450
035 _a(OCoLC)1362484404
040 _aDE-627
_bger
_cDE-627
_erda
_dDE-2950
041 _ager
_aeng
044 _cXA-DE
082 0 4 _a741.5
_qDE-101
084 _a18.10
_2bkl
245 1 0 _aFeuergeist:
_bDas Leben des Heinrich von Kleist = The life of Heinrich von Kleist /
_cStiftung Kleist-Museum, Burg Giebichenstein Kunsthochschule Halle ; Gestaltung und Satz: Julia Klenovsky [und 3 weitere] ; Übersetzung: Carol Kozban.
246 3 1 _aThe life of Heinrich von Kleist
250 _a1. Auflage.
264 1 _aFrankfurt/Oder:
_bKleist-Museum,
_c2022.
300 _a28 ungezählte Seiten:
_büberwiegend Illustrationen
336 _aText
_btxt
_2rdacontent
337 _aohne Hilfsmittel zu benutzen
_bn
_2rdamedia
338 _aBand
_bnc
_2rdacarrier
546 _aText deutsch und englisch
653 _aKleist, Heinrich von; Schriftsteller, Librettist, 1777-1811
653 _aGraphic Novel
655 7 _aComic
_0(DE-588)4010427-8
_0(DE-627)104377402
_0(DE-576)208887989
_2gnd-content
700 1 _aKlenovsky, Julia
_eMitwirkendeR
_4ctb
700 1 _aKozban, Carol
_eÜbersetzerIn
_4trl
700 1 _aKleist, Heinrich von
_d1777-1811
_eErwähnteR
_0(DE-588)118563076
_0(DE-627)133457400
_0(DE-576)161734499
_4oth
710 2 _aKleist-Museum
_eHerausgebendes Organ
_0(DE-588)10044701-6
_0(DE-627)354432230
_0(DE-576)199274622
_4isb
710 2 _aBurg Giebichenstein, Kunsthochschule Halle
_eHerausgebendes Organ
_0(DE-588)16086687-X
_0(DE-627)637333446
_0(DE-576)332357686
_4isb
936 b k _a18.10
942 _2z
_cB
951 _aBO
999 _c372457
_d372457